|
|
|
|
| LEADER |
00000nab a2200000 a 4500 |
| 001 |
vtls000016929 |
| 003 |
SK-MaSNL |
| 005 |
20260304065242.0 |
| 008 |
250422c1977 xo 0 slo |
| 015 |
|
|
|a SNBRB19rr/mm-uuuuu
|
| 035 |
|
|
|a CL0027023
|
| 035 |
|
|
|a urn:nbn:sk:snk-ab78u2
|
| 035 |
|
|
|a (uuid)3fcb99e9-22cd-432d-bcc9-4ff2c6c7f87a
|
| 035 |
|
|
|a (urnnbn)urn:nbn:sk:snk:ar-a077il
|
| 035 |
|
|
|a (sysno)vtls000016929
|
| 040 |
|
|
|a SNKBUCL
|b slo
|c SNKBUCL
|e AACR2
|
| 041 |
0 |
|
|a rus
|
| 044 |
|
|
|a xo
|c SK
|
| 080 |
|
|
|a 550
|2 1981
|
| 100 |
1 |
|
|a Gbelský, J.
|4 aut
|9 1354104
|
| 245 |
1 |
0 |
|a Informácii o zasefanii problemnoj gruppy po geochimii redkich i zassejannych elementov v granitoidach, sostojavšensia v Sofii s 5 po 8 okťabria 1976 g
|c J. Gbelský
|
| 650 |
0 |
7 |
|a geochémia
|2 snkbucl
|9 3926
|
| 655 |
|
7 |
|a články z novín a časopisov
|2 snkbucl
|9 267496
|
| 773 |
0 |
|
|t Geologický zborník
|g Roč. 28, č. 2 (1977), s. 351-352
|
| 850 |
|
|
|a Slovenská národná knižnica
|
| 852 |
|
|
|a Slovenská národná knižnica
|
| 958 |
|
|
|a article27
|
| 958 |
|
|
|a RK
|
| 958 |
|
|
|a OND
|
| 958 |
|
|
|a EUIPO
|
| 992 |
|
|
|a RBX
|
| 999 |
|
|
|c 2749921
|d 2751851
|